| 000 | 00650nam a2200241Ia 4500 | ||
|---|---|---|---|
| 001 | 21651 | ||
| 003 | GE_BSU | ||
| 008 | 181216s||||||||xx |||||||||||||| ||und|| | ||
| 020 | _a9783193074935 | ||
| 040 | _cGE_BSU | ||
| 080 | _a811.112 | ||
| 100 | _aBrill, L. M.; Techmer, M. | ||
| 245 | _aDeutsch uben Deutsch: taschentrainer. A2-C1. Briefe, E-Mails & co. Beispiele und Ubungen | ||
| 260 | _aIsmaning | ||
| 260 | _bHueber Verlag | ||
| 260 | _c2009 | ||
| 300 | _a164p. 16cm. | ||
| 541 | _h5 Gel. | ||
| 653 | _aBeispiele und Ubungen | ||
| 653 | _aBriefe, E-Mails & co | ||
| 653 | _aDeutsch uben Deutsch: taschentrainer. A2-C1 | ||
| 942 | _cBK | ||
| 999 |
_c54585 _d54585 |
||